| 000 | 00664nam a22002057a 4500 | ||
|---|---|---|---|
| 005 | 20220208135006.0 | ||
| 008 | 150309b xxu||||| |||| 00| 0 spa d | ||
| 041 | _aspa | ||
| 082 | _a621.302.18 C8374d | ||
| 100 |
_aCosta Rica. Ministerio de Economía, Industria y Comercio _962466 |
||
| 245 | _aDecreto Ejecutivo n° 3679 MEIC: Reglamento de oficialización del Código Eléctrico de Costa Rica | ||
| 260 |
_aCosta Rica _bMEIC _c2012 |
||
| 300 | _a32 páginas | ||
| 650 |
_aCOSTA RICA _962467 |
||
| 650 |
_aMEDIDAS DE SEGURIDAD _9213 |
||
| 650 |
_aINSTALACIONES ELECTRICAS _94329 |
||
| 650 |
_aPREVENCION _9215 |
||
| 650 |
_aELECTRICIDAD _91462 |
||
| 942 | _cBK | ||
| 999 |
_c3709 _d3709 |
||